Africa - Toto Lyrics - Statistics

General Stats
  • This quiz has been taken 1,700 times
  • The average score is 11 of 18
Answer Stats
Lyrics Answer % Correct
Hurry boy it's _______ there for you waiting
89%
I hear the ____ echoing tonight drums
84%
but she hears only whispers of some _____ conversation quiet
79%
There's nothing that a _______ ___ or more could ever do hundred men
77%
I ____ ___ _____ down in Africa bless the rains
73%
she's coming in __:__ flight 12:30
70%
I know that I must do what's _____ right
68%
I stopped an ___ ___ along the way old man
62%
hoping to find some old forgotten _____ or ancient melodies words
61%
It's gonna take a lot to ____ __ ____ from you drag me away
60%
Gonna ____ ____ ____ to do the things we never had take some time
60%
I seek to cure what's ____ ______ deep inside
58%
he ______ to me as if to say turned
56%
__________ of this thing that I've become frightened
50%
The ____ ____ cry out in the night wild dogs
44%
As they grow ________ longing for some solitary company restless
42%
As sure as Kilimanjaro rises like _______ above the Serengeti Olympus
40%
the moonlit _____ reflect the stars that guide me towards salvation wings
32%
No matching quizzes found
Score Distribution
Percent of People with Each Score
Percentile by Number Answered
Your Score History
You have not taken this quiz